000 00807nam a2200229 a 4500
001 0958
005 20140414132145.0
008 041008s19uu xx 00 eng d
020 _a0-590-15856-2
050 _aKIT (SER) 591.56'4
_bC16 1998
100 _aCanizares, Susan
245 _aWho lives in the tree? /
_cSusan Canizares, Daniel Moreton.
260 _aNew York :
_bScholastic Inc.,
_c1998.
300 _a1 v. (unp.) ; ill.
440 _aScience emergent readers
500 _a"Scholastic early childhood"--Includes index
520 _aPhotographs and simple text depict the many different animals that live in trees, from the roots to the branches.
650 _aAnimals
_xJuvenile literature
650 _aAnimals
_xHabitations
_xJuvenile literature
999 _c115409
_d115409